Statistics for The Ultimate Pagani Quiz (Zonda special editions)

Click here to take the quiz!

General Stats

  • This quiz has been taken 222 times
    (199 since last reset)
  • The average score is 11 of 24

Answer Stats

PAGANI ZONDA% Correct
2009 (limited track car, 15 units)Zonda R
95%
2009 (limited edition, 5 units)Zonda Cinque
83%
2005Zonda F
81%
2002Zonda S
70%
2010 (limited edition, 3 units)Zonda Tricolore
64%
1999Zonda C12
61%
2009 (limited edition, 5 units)Zonda Cinque Roadster
57%
2003Zonda Roadster
54%
2012 (one-off)Zonda 760LH
44%
2006Zonda F Roadster
44%
2014 (one-off)Zonda 760 Fantasma
43%
2011 (one-off)Zonda 760RS
43%
2013 (one-off, track car)Zonda Revolucion
42%
2010 (one-off)Zonda Uno
39%
2011 (one-off)Zonda HH
32%
2005 (one-off)Zonda Monza
32%
2011 (one-off)Zonda Absolute
29%
2002 (racing edition)Zonda GR
27%
2006 (limited edition, 25 units)Zonda F Clubsport
24%
2009 (one-off)Zonda PS
21%
2012 (one-off)Zonda 764 Passione
20%
2009 (one-off)Zonda GJ
20%
2011 (one-off)Zonda 750
17%
2011 (one-off)Zonda RAK
11%

Score Distribution

Percentile by Number Answered

Percent of People with Each Score

Your Score History

You have not taken this quiz since the last reset